000
00279nam a22001217a 4500
020
_a
0-07-015072-9
082
_a
005.43 DAH'B
100
_a
DAHMKE, MARK
_9
57190
245
_a
THE BYTE GUIDE TO CP/M-86
260
_a
NEWYORK
_b
MCGRAW HILL
_c
1984
300
_a
24766
942
_c
BK
999
_c
567482
_d
567482